zpět

Detail výsledku týmu

U Rybníka, Zvole

Datum a čas kvízu

30 Celkem bodů Celkový počet nahraných bodů na tomto kvízu bez doplňovacích otázek.
4. Pořadí na kvízu Konečné umístění týmu na tomto kvízu.

Zaznamenané odpovědi

# Otázka Odpověď Body Výsledky
1. Ti, kteří se pořádně zaměřili... Bureši, čaú 1
2. Na výročí Světového dne metrol... Max Planck 1
3. Zlínský filmový festival minul... kybernetický útok 0
4. Mobilní operátor Vodafone minu... účtování hovorů po minutách 1
5. V pondělí nás opustil Niki Lau... Laudamotion, Niki 0.5
6. Jakou barvu má pruh, který je... bílou 1
7. Kolik vodorovných pruhů tvoří... čtyři 1
8. Na bolívijské vlajce je modrý... D 1
9. Slovinskou vlajku tvoří znak v... prostřední 1
10. Který z pruhů na vlajce Maďars... A 0